000 01320nam a22003737a 4500
003 CHAP
005 20220817041240.0
008 971013s1993 it r 00010 fre d
010 _a9576
011 _a10548
020 _a9252033726
035 _a9785
040 _cCHAP
082 _a636.08
_bF3f v.112
110 _aFAO
245 1 0 _aPhysiologie de la reproduction des bovins trypanotolérants
_b: syntháese des connaissances actuelles
_c/par Benoît Sauveroche et Hans-Gherardt Wagner
260 _aRome :
_bFAO,
_c1993
300 _a149 p. :
_bgráfs
490 0 _aFAO. Producción y sanidad animal
_v; 112
590 _aBATCH-UPD
_b10
_c20130110
_lUCH01
_h1725
590 _aBATCH-UPD
_b10
_c20130410
_lUCH01
_h1107
590 _aBATCH-UPD
_b10
_c20130914
_lUCH01
_h1402
590 _aCONVERSION
_b10
_c20130109
_lUCH01
_h1306
650 1 4 _aGanado vacuno
_xAnatomía y fisiología.
_945433
650 1 4 _aGanado vacuno
_xEnfermedades.
_945460
650 1 4 _aGanado vacuno
_xReproducción.
_945510
650 1 4 _aTripanosomiasis.
_9115169
700 0 _aWagner, Hans Gherardt.
_9120783
700 1 _aSauveroche, Benoît.
_9102768
830 0 _aFAO. Producción y sanidad animal
_v; 112
_939655
901 _aBK
942 _cLIBRO
949 _a636.08 F3f v.111
_bBC
_cFAO
_d33724002134413
_eFAO1
_gDonaciØn
_h86268
_i9785
_sb
999 _c9576
_d9576